| 000 | 00698nam a22001337a 4500 | ||
|---|---|---|---|
| 003 | OSt | ||
| 005 | 20160324101736.0 | ||
| 008 | 160324b xxu||||| |||| 00| 0 eng d | ||
| 040 | _cRUA | ||
| 082 | _aAGR TRY 2011 B472 Or.1 | ||
| 245 | _aEffect of nitrogen(n) and nulching on mungbean (vigna radiata ) grown after wet season rice in prateah land soil, ប្រសិទ្ធភាពនៃជីអាសូត( N ) និងគម្របចំបើងលើដំណាំសណ្ដែកបាយ ( Vigna radiata ) ដាំបន្ទាប់ពីស្រូវវស្សា នៅលើក្រុមដីប្រទះឡាង | ||
| 300 |
_ax,38p. _bill. _c29cm. |
||
| 942 |
_2ddc _cAGR |
||
| 999 |
_c7794 _d7794 |
||